000 00303nam a2200097Ia 4500
008 220204s9999 xx 000 0 und d
082 _a631.4
_bSTU
245 0 _aStudies on soil, climatic conditions and cultural practices for groundnut in North Mysore state
260 _aBangalore
_bUAS
_c1969
942 _cBK
999 _c21886
_d21886